LEADER 01460nam a2200325 u 4500 001 000000007717 003 CaOOAMICUS 005 20070226105020.0 008 940514s1990 it u000 u ita u 020 $a8814020566 035 $a10201969 040 $aPUL(R)$bita 100 1 $aHerranz, Julián,$csac.$0(OLS)http://pul/name/7735 245 10$aStudi sulla nuova legislazione della Chiesa /$cJulián Herranz. 260 $aMilano :$bGiuffrè,$c1990. 300 $aviii, 346 p. ;$c22 cm 490 1 $aMonografie giuridiche ;$v1 504 $aComprende bibliografia. 650 4$aDiritto canonico.$0(OLS)http://pul/subject/1294 710 2 $aCentro Accademico Romano della Santa Croce.$kTesi.$0(OLS)http://pul/name/3663 830 0$aMonografie giuridiche (Centro Accademico Romano della Santa Croce) ;$v1.$0(OLS)http://pul/title/11260 850 $aPUL 852 $aPUL$W1$xSL Diritto Canonico 3$y77$m262. 99 CAN.5 1.1$j10920$nBK-PRI$b $qDDC 21$B10920$CPULBib$Z2$F10920 $H70148 $82 910 $aPontificia Università della Santa Croce$93663 910 $aPontificia Università della Santa Croce$93663 941 1 $a9 983 0$aMonografie giuridiche (Pontificia Università della Santa Croce) 996 $6020$a8814020566$9(OLS)http://pul/number/9933 996 $6245$aStudi sulla nuova legislazione della Chiesa$9(OLS)http://pul/title/11259 996 $6260$aMilano :$bGiuffrè$9(OLS)http://pul/publisher/48401 LEADER 01485nam a2200313 a 4500 001 000000120639 003 CaOOAMICUS 005 20100310111215.0 008 100310t2009 it afh u000 u ita r 020 $a978-88-10-24121-9 040 $aPUL$bita$dReb 041 1 $aita$hfre 100 1 $aGlotin, Edouard.$0(OLS)http://pul/name/75466 240 10$aBible du coeur de Jésus$lItaliano.$0(OLS)http://pul/title/151700 245 13$aLa Bibbia del cuore di Gesù /$cEdouard Glotin ; con la collaborazione di Xavier Skof, Martin Pradère e Jean-Didier Moneyron ; prefazione del card. Christoph Schonborn. 260 $aBologna :$bEDB,$c©2009. 300 $a640 p., [31] c. di tav. :$bill, facs. ;$c24 cm 504 $aInclude riferimenti bibliografici ed indice. 650 4$aSacro Cuore$xDevozione.$0(OLS)http://pul/subject/18292 700 1 $aSkof, Xavier.$0(OLS)http://pul/name/75468 700 1 $aSchönborn, Christoph von,$ccard.,$d1945-$0(OLS)http://pul/name/11337 700 1 $aMoneyron, Jean-Didier.$0(OLS)http://pul/name/75470 700 1 $aPradère, Martin.$0(OLS)http://pul/name/75469 850 $aPUL 852 $aPUL$W1$xSL Religione 3$y85$m220. 6 GLOED 1$j138263$qDDC 21$B137491$CPULBib$Z2$F137491 $H112750 $82 941 1 $a9 996 $6020$a978-88-10-24121-9$9(OLS)http://pul/number/143547 996 $6245$aLa Bibbia del cuore di Gesù$9(OLS)http://pul/title/151699 996 $6260$aBologna :$bEDB$9(OLS)http://pul/publisher/56073